Belgian Prime Ministers - Statistics

General Stats
  • This quiz has been taken 363 times
    287 since last reset
  • The average score is 21 of 72
Answer Stats
Term Premier % Correct
2020-2025 Alexander De Croo
96%
2025- Bart De Wever
95%
2011-2014 Elio Di Rupo
88%
2019-2020 Sophie Wilmès
86%
2014-2019 Charles Michel
84%
1999-2007 Guy Verhofstadt
78%
2009-2011 Yves Leterme
77%
2008 Yves Leterme
77%
1992-1999 Jean-Luc Dehaene
72%
1981-1992 Wilfried Martens
67%
1978-1980 Wilfried Martens
67%
2008-2009 Herman Van Rompuy
63%
1968-1971 Gaston Eyskens
61%
1958-1961 Gaston Eyskens
61%
1949-1950 Gaston Eyskens
61%
1981 Mark Eyskens
61%
1947-1949 Paul-Henri Spaak
57%
1946 Paul-Henri Spaak
57%
1938-1939 Paul-Henri Spaak
57%
1974-1978 Leo Tindemans
55%
1978-1979 Paul Vanden Boeynants
47%
1966-1968 Paul Vanden Boeynants
47%
1954-1958 Achille Van Acker
46%
1946 Achille Van Acker
46%
1945-1946 Achille Van Acker
46%
1973-1974 Edmond Leburton
39%
1961-1965 Théo Lefèvre
33%
1939-1945 Hubert Pierlot
28%
1845-1846 Sylvain Van de Weyer
25%
1855-1857 Pierre de Decker
23%
1952-1954 Jean Van Houtte
21%
1841-1845 Jean-Baptiste Nothomb
20%
1935-1937 Paul van Zeeland
19%
1857-1868 Charles Rogier
14%
1847-1852 Charles Rogier
14%
1965-1966 Pierre Harmel
14%
1878-1884 Walthère Frère-Orban
14%
1868-1870 Walthère Frère-Orban
14%
1946-1947 Camille Huysmans
10%
1932-1934 Charles de Broqueville
9%
1914-1918 Charles de Broqueville
9%
1937-1938 Paul-Émile Janson
8%
1884-1894 Auguste Beernaert
7%
1871-1874 Barthélémy de Theux de Meylandt
7%
1846-1847 Barthélémy de Theux de Meylandt
7%
1834-1840 Barthélémy de Theux de Meylandt
7%
1852-1855 Henri de Brouckère
7%
1950 Jean Duvieusart
7%
1918-1920 Léon Delacroix
7%
1926-1931 Henri Jaspar
6%
1840-1841 Joseph Lebeau
6%
1831 Joseph Lebeau
6%
1950-1952 Joseph Pholien
6%
1925-1926 Prosper Poullet
6%
1832-1834 Albert Joseph Goblet d'Alviella
5%
1925 Aloys Van de Vyvere
5%
1831 Étienne Constantin de Gerlache
5%
1831-1832 Félix de Muelenaere
5%
1908-1911 Frans Schollaert
5%
1934-1935 Georges Theunis
5%
1921-1925 Georges Theunis
5%
1918 Gérard Cooreman
5%
1920-1921 Henry Carton de Wiart
5%
1870-1871 Jules d'Anethan
5%
1894-1896 Jules de Burlet
5%
1907 Jules de Trooz
5%
1884 Jules Malou
5%
1874-1878 Jules Malou
5%
1931-1932 Jules Renkin
5%
1899 Jules Vandenpeereboom
5%
1899-1907 Paul de Smet de Naeyer
5%
1896-1899 Paul de Smet de Naeyer
5%
No matching quizzes found
Score Distribution
Percent of People with Each Score
Percentile by Number Answered
Your Score History
You have not taken this quiz since the last reset